[Event "DEM U12 2021"]
[Site "Willingen GER"]
[Date "2021.08.26"]
[Round "6"]
[White "Braun, Julian"]
[Black "Lu, Yunong Elias"]
[Result "0-1"]
[Termination "normal"]
[Board "16"]
[WhiteElo "1436"]
[BlackElo "1557"]
[WhiteClock "00:44:27"]
[BlackClock "00:57:37"]
[PlyCount "164"]
[WhiteFideId "16289293"]
[BlackFideId "16276426"]
[EventCountry "GER"]
[EventRounds "9"]
[EventType "swiss"]
[EventDate "2021.08.22"]

1. e4 {[%clk 01:31:00]} {[%emt 01:35:25]} c6 {[%clk 01:30:39]} {[%emt
00:00:21]} 2. Nc3 {[%clk 01:31:23]} {[%emt 00:00:08]} d5 {[%clk 01:30:49]}
{[%emt 00:00:19]} 3. Qf3 {[%clk 01:31:35]} {[%emt 00:00:18]} dxe4 {[%clk
01:29:18]} {[%emt 00:02:00]} 4. Nxe4 {[%clk 01:31:38]} {[%emt 00:00:28]} Nf6
{[%clk 01:29:10]} {[%emt 00:00:37]} 5. Bc4 {[%clk 01:31:26]} {[%emt 00:00:43]}
Nbd7 {[%clk 01:22:16]} {[%emt 00:07:24]} 6. Nxf6+ {[%clk 01:27:16]} {[%emt
00:04:39]} Nxf6 {[%clk 01:21:20]} {[%emt 00:01:26]} 7. Ne2 {[%clk 01:26:25]}
{[%emt 00:01:20]} Bg4 {[%clk 01:20:25]} {[%emt 00:01:27]} 8. Qb3 {[%clk
01:25:54]} {[%emt 00:01:01]} e6 {[%clk 01:19:07]} {[%emt 00:01:48]} 9. Qxb7
{[%clk 01:25:41]} {[%emt 00:00:43]} Rc8 {[%clk 01:18:44]} {[%emt 00:00:52]} 10.
Qxa7 {[%clk 01:24:48]} {[%emt 00:01:24]} Be7 {[%clk 01:18:45]} {[%emt
00:00:29]} 11. O-O {[%clk 01:23:48]} {[%emt 00:01:30]} O-O {[%clk 01:18:54]}
{[%emt 00:00:21]} 12. Qe3 {[%clk 01:22:33]} {[%emt 00:01:44]} Nd5 {[%clk
01:18:59]} {[%emt 00:00:26]} 13. Bxd5 {[%clk 01:22:31]} {[%emt 00:00:32]} cxd5
{[%clk 01:19:19]} {[%emt 00:00:09]} 14. c3 {[%clk 01:21:57]} {[%emt 00:01:04]}
Bd6 {[%clk 01:18:14]} {[%emt 00:01:35]} 15. d4 {[%clk 01:21:35]} {[%emt
00:00:53]} Qc7 {[%clk 01:16:24]} {[%emt 00:02:20]} 16. h3 {[%clk 01:18:59]}
{[%emt 00:03:06]} Bf5 {[%clk 01:16:08]} {[%emt 00:00:46]} 17. Ng3 {[%clk
01:14:11]} {[%emt 00:05:17]} Bxg3 {[%clk 01:14:23]} {[%emt 00:02:15]} 18. Qxg3
{[%clk 01:14:38]} {[%emt 00:00:04]} Qxg3 {[%clk 01:14:38]} {[%emt 00:00:15]}
19. fxg3 {[%clk 01:15:01]} {[%emt 00:00:07]} Ra8 {[%clk 01:14:26]} {[%emt
00:00:41]} 20. Bf4 {[%clk 01:14:09]} {[%emt 00:01:23]} Rfc8 {[%clk 01:12:03]}
{[%emt 00:02:53]} 21. Bd6 {[%clk 01:13:18]} {[%emt 00:01:21]} Rc6 {[%clk
01:11:44]} {[%emt 00:00:49]} 22. Bb4 {[%clk 01:13:29]} {[%emt 00:00:19]} Be4
{[%clk 01:10:24]} {[%emt 00:01:49]} 23. a4 {[%clk 01:11:24]} {[%emt 00:02:36]}
f5 {[%clk 01:09:49]} {[%emt 00:01:04]} 24. Ra3 {[%clk 01:09:41]} {[%emt
00:02:14]} Kf7 {[%clk 01:09:44]} {[%emt 00:00:35]} 25. Rfa1 {[%clk 01:08:39]}
{[%emt 00:01:33]} Ke8 {[%clk 01:09:15]} {[%emt 00:00:58]} 26. a5 {[%clk
01:06:15]} {[%emt 00:02:54]} Rca6 {[%clk 01:09:18]} {[%emt 00:00:27]} 27. Bc5
{[%clk 01:04:12]} {[%emt 00:02:33]} Kd7 {[%clk 01:09:17]} {[%emt 00:00:31]} 28.
Bb6 {[%clk 01:03:23]} {[%emt 00:01:19]} Kc6 {[%clk 01:07:59]} {[%emt 00:01:48]}
29. Kf2 {[%clk 01:02:03]} {[%emt 00:01:50]} h6 {[%clk 01:06:13]} {[%emt
00:02:12]} 30. h4 {[%clk 01:01:03]} {[%emt 00:01:33]} Rf8 {[%clk 01:05:11]}
{[%emt 00:01:33]} 31. Ke3 {[%clk 00:59:46]} {[%emt 00:01:47]} g5 {[%clk
01:04:28]} {[%emt 00:01:09]} 32. hxg5 {[%clk 00:59:40]} {[%emt 00:00:39]} hxg5
{[%clk 01:04:49]} {[%emt 00:00:08]} 33. Rh1 {[%clk 00:57:51]} {[%emt 00:02:19]}
f4+ {[%clk 01:01:11]} {[%emt 00:04:10]} 34. gxf4 {[%clk 00:58:07]} {[%emt
00:00:13]} gxf4+ {[%clk 01:01:21]} {[%emt 00:00:21]} 35. Kf2 {[%clk 00:58:15]}
{[%emt 00:00:21]} Rg8 {[%clk 01:00:54]} {[%emt 00:00:58]} 36. Rh2 {[%clk
00:57:39]} {[%emt 00:01:06]} Rg6 {[%clk 01:00:25]} {[%emt 00:00:59]} 37. Ra1
{[%clk 00:55:40]} {[%emt 00:02:27]} Ra8 {[%clk 01:00:12]} {[%emt 00:00:44]} 38.
Rg1 {[%clk 00:54:38]} {[%emt 00:01:32]} Rag8 {[%clk 00:58:13]} {[%emt
00:02:30]} 39. Bc5 {[%clk 00:53:28]} {[%emt 00:01:39]} Kb5 {[%clk 00:57:31]}
{[%emt 00:01:13]} 40. Bb4 {[%clk 00:51:28]} {[%emt 00:02:28]} Ka6 {[%clk
00:56:49]} {[%emt 00:01:13]} 41. Bd6 {[%clk 00:48:31]} {[%emt 00:03:27]} f3
{[%clk 00:56:35]} {[%emt 00:00:45]} 42. g3 {[%clk 00:48:37]} {[%emt 00:00:23]}
Kxa5 {[%clk 00:56:45]} {[%emt 00:00:19]} 43. Rh7 {[%clk 00:48:18]} {[%emt
00:00:49]} R6g7 {[%clk 00:56:21]} {[%emt 00:00:56]} 44. Rxg7 {[%clk 00:47:56]}
{[%emt 00:00:52]} Rxg7 {[%clk 00:56:48]} {[%emt 00:00:03]} 45. Rh1 {[%clk
00:47:50]} {[%emt 00:00:36]} Rb7 {[%clk 00:53:35]} {[%emt 00:03:43]} 46. Bb4+
{[%clk 00:47:45]} {[%emt 00:00:34]} Ka4 {[%clk 00:53:50]} {[%emt 00:00:16]} 47.
Rh6 {[%clk 00:47:08]} {[%emt 00:01:07]} Kb3 {[%clk 00:51:55]} {[%emt 00:02:26]}
48. Ba3 {[%clk 00:46:54]} {[%emt 00:00:43]} Kc2 {[%clk 00:51:11]} {[%emt
00:01:14]} 49. Rxe6 {[%clk 00:43:36]} {[%emt 00:03:49]} Rh7 {[%clk 00:51:38]}
{[%emt 00:00:03]} 50. Rf6 {[%clk 00:43:47]} {[%emt 00:00:19]} Rh2 {[%clk
00:51:59]} {[%emt 00:00:08]} 51. Ke3 {[%clk 00:44:05]} {[%emt 00:00:12]} Re2+
{[%clk 00:51:45]} {[%emt 00:00:44]} 52. Kf4 {[%clk 00:44:04]} {[%emt 00:00:31]}
f2 {[%clk 00:51:28]} {[%emt 00:00:48]} 53. Kg5 {[%clk 00:44:09]} {[%emt
00:00:25]} Bg2 {[%clk 00:51:50]} {[%emt 00:00:08]} 54. b4 {[%clk 00:43:59]}
{[%emt 00:00:39]} f1=Q {[%clk 00:52:00]} {[%emt 00:00:20]} 55. Rxf1 {[%clk
00:44:28]} {[%emt 00:00:02]} Bxf1 {[%clk 00:52:16]} {[%emt 00:00:14]} 56. b5
{[%clk 00:44:34]} {[%emt 00:00:24]} Rg2 {[%clk 00:52:31]} {[%emt 00:00:15]} 57.
b6 {[%clk 00:44:23]} {[%emt 00:00:41]} Rxg3+ {[%clk 00:52:58]} {[%emt
00:00:03]} 58. Kf6 {[%clk 00:44:31]} {[%emt 00:00:21]} Ba6 {[%clk 00:53:08]}
{[%emt 00:00:21]} 59. Ke5 {[%clk 00:44:27]} {[%emt 00:00:34]} Rxc3 {[%clk
00:53:18]} {[%emt 00:00:20]} 60. Bc5 {[%clk 00:44:25]} {[%emt 00:00:32]} Bb7
{[%clk 00:53:05]} {[%emt 00:00:43]} 61. Kd6 {[%clk 00:44:46]} {[%emt 00:01:32]}
Kd3 {[%clk 00:51:18]} {[%emt 00:02:17]} 62. Kc7 {[%clk 00:44:43]} {[%emt
00:00:33]} Ba6 {[%clk 00:51:23]} {[%emt 00:00:26]} 63. Kc6 {[%clk 00:44:04]}
{[%emt 00:01:08]} Kc4 {[%clk 00:51:41]} {[%emt 00:00:12]} 64. Be7 {[%clk
00:43:33]} {[%emt 00:01:00]} Rd3 {[%clk 00:51:55]} {[%emt 00:00:17]} 65. Kc7
{[%clk 00:42:22]} {[%emt 00:01:40]} Rxd4 {[%clk 00:52:06]} {[%emt 00:00:21]}
66. Kb8 {[%clk 00:42:32]} {[%emt 00:00:19]} Re4 {[%clk 00:52:16]} {[%emt
00:00:21]} 67. Bf6 {[%clk 00:41:51]} {[%emt 00:01:10]} d4 {[%clk 00:52:29]}
{[%emt 00:00:17]} 68. Bxd4 {[%clk 00:42:02]} {[%emt 00:00:18]} Rxd4 {[%clk
00:52:48]} {[%emt 00:00:12]} 69. Ka7 {[%clk 00:42:21]} {[%emt 00:00:11]} Kc5
{[%clk 00:53:01]} {[%emt 00:00:18]} 70. Kxa6 {[%clk 00:42:35]} {[%emt
00:00:16]} Rd6 {[%clk 00:53:27]} {[%emt 00:00:04]} 71. Kb7 {[%clk 00:41:44]}
{[%emt 00:01:20]} Rxb6+ {[%clk 00:53:51]} {[%emt 00:00:06]} 72. Kc7 {[%clk
00:42:06]} {[%emt 00:00:08]} Rc6+ {[%clk 00:54:10]} {[%emt 00:00:12]} 73. Kd7
{[%clk 00:42:29]} {[%emt 00:00:07]} Kd5 {[%clk 00:54:33]} {[%emt 00:00:06]} 74.
Ke7 {[%clk 00:42:52]} {[%emt 00:00:07]} Rd6 {[%clk 00:54:57]} {[%emt 00:00:06]}
75. Kf7 {[%clk 00:43:08]} {[%emt 00:00:14]} Re6 {[%clk 00:55:22]} {[%emt
00:00:06]} 76. Kg7 {[%clk 00:43:30]} {[%emt 00:00:07]} Ke5 {[%clk 00:55:47]}
{[%emt 00:00:05]} 77. Kf7 {[%clk 00:43:40]} {[%emt 00:00:19]} Kf5 {[%clk
00:55:55]} {[%emt 00:00:23]} 78. Kg7 {[%clk 00:43:58]} {[%emt 00:00:11]} Rf6
{[%clk 00:56:16]} {[%emt 00:00:10]} 79. Kh7 {[%clk 00:44:20]} {[%emt 00:00:08]}
Rg6 {[%clk 00:56:42]} {[%emt 00:00:04]} 80. Kh8 {[%clk 00:44:40]} {[%emt
00:00:10]} Kf6 {[%clk 00:57:10]} {[%emt 00:00:03]} 81. Kh7 {[%clk 00:45:01]}
{[%emt 00:00:09]} Kf7 {[%clk 00:57:37]} {[%emt 00:00:03]} 82. Kh8 {[%clk
00:44:27]} {[%emt 00:01:03]} Rh6+ {[%emt 00:00:07]} 0-1

[Event "DEM U12 2021"]
[Site "Willingen GER"]
[Date "2021.08.26"]
[Round "6"]
[White "Jahnz, Laurin"]
[Black "Gärtner, Alessandro"]
[Result "1-0"]
[Termination "normal"]
[Board "17"]
[WhiteElo "1546"]
[BlackElo "1332"]
[WhiteClock "00:55:55"]
[BlackClock "01:05:37"]
[PlyCount "77"]
[WhiteFideId "16261089"]
[BlackFideId "16268024"]
[EventCountry "GER"]
[EventRounds "9"]
[EventType "swiss"]
[EventDate "2021.08.22"]

1. e4 {[%clk 01:30:58]} {[%emt 00:00:01]} c6 {[%clk 01:31:00]} {[%emt
00:00:02]} 2. d4 {[%clk 01:31:16]} {[%emt 00:00:11]} d5 {[%clk 01:31:26]}
{[%emt 00:00:03]} 3. exd5 {[%clk 01:31:43]} {[%emt 00:00:03]} cxd5 {[%clk
01:31:55]} {[%emt 00:00:02]} 4. Bd3 {[%clk 01:32:04]} {[%emt 00:00:08]} Nc6
{[%clk 01:31:54]} {[%emt 00:00:31]} 5. c3 {[%clk 01:32:26]} {[%emt 00:00:09]}
Nf6 {[%clk 01:32:14]} {[%emt 00:00:09]} 6. Ne2 {[%clk 01:32:33]} {[%emt
00:00:23]} g6 {[%clk 01:32:14]} {[%emt 00:00:30]} 7. O-O {[%clk 01:32:51]}
{[%emt 00:00:12]} Bf5 {[%clk 01:32:10]} {[%emt 00:00:34]} 8. Ng3 {[%clk
01:30:45]} {[%emt 00:02:36]} e6 {[%clk 01:30:46]} {[%emt 00:01:54]} 9. Re1
{[%clk 01:30:45]} {[%emt 00:00:31]} Bxd3 {[%clk 01:30:20]} {[%emt 00:00:56]}
10. Qxd3 {[%clk 01:31:08]} {[%emt 00:00:06]} Bg7 {[%clk 01:30:27]} {[%emt
00:00:23]} 11. Nd2 {[%clk 01:29:26]} {[%emt 00:02:12]} O-O {[%clk 01:30:27]}
{[%emt 00:00:30]} 12. Nf3 {[%clk 01:29:46]} {[%emt 00:00:10]} a6 {[%clk
01:29:00]} {[%emt 00:01:57]} 13. a4 {[%clk 01:27:40]} {[%emt 00:02:37]} Rc8
{[%clk 01:26:17]} {[%emt 00:03:12]} 14. h4 {[%clk 01:17:01]} {[%emt 00:11:09]}
h5 {[%clk 01:23:07]} {[%emt 00:03:41]} 15. Bg5 {[%clk 01:17:13]} {[%emt
00:00:18]} Na5 {[%clk 01:21:34]} {[%emt 00:02:03]} 16. Ne5 {[%clk 01:14:28]}
{[%emt 00:03:14]} Nc4 {[%clk 01:20:25]} {[%emt 00:01:38]} 17. Ra2 {[%clk
01:13:14]} {[%emt 00:01:46]} Qc7 {[%clk 01:17:50]} {[%emt 00:03:03]} 18. Qf3
{[%clk 01:02:46]} {[%emt 00:11:00]} Nxe5 {[%clk 01:13:19]} {[%emt 00:05:01]}
19. dxe5 {[%clk 01:01:55]} {[%emt 00:01:22]} Ng4 {[%clk 01:12:35]} {[%emt
00:01:12]} 20. Bf6 {[%clk 01:00:09]} {[%emt 00:02:18]} Nxe5 {[%clk 01:11:09]}
{[%emt 00:01:54]} 21. Rxe5 {[%clk 01:00:26]} {[%emt 00:00:15]} Qxe5 {[%clk
01:06:06]} {[%emt 00:05:32]} 22. Bxe5 {[%clk 01:00:50]} {[%emt 00:00:07]} Bxe5
{[%clk 01:06:33]} {[%emt 00:00:03]} 23. Qe3 {[%clk 01:00:31]} {[%emt 00:00:48]}
Bg7 {[%clk 01:06:40]} {[%emt 00:00:23]} 24. Qb6 {[%clk 01:00:29]} {[%emt
00:00:29]} Rfd8 {[%clk 01:06:30]} {[%emt 00:00:42]} 25. Ra1 {[%clk 00:58:14]}
{[%emt 00:02:45]} d4 {[%clk 01:06:16]} {[%emt 00:00:45]} 26. cxd4 {[%clk
00:58:23]} {[%emt 00:00:22]} Bxd4 {[%clk 01:06:14]} {[%emt 00:00:31]} 27. Qxb7
{[%clk 00:58:14]} {[%emt 00:00:40]} Rb8 {[%clk 01:06:35]} {[%emt 00:00:10]} 28.
Qxa6 {[%clk 00:58:31]} {[%emt 00:00:13]} Rxb2 {[%clk 01:06:56]} {[%emt
00:00:08]} 29. Rf1 {[%clk 00:58:56]} {[%emt 00:00:04]} Bc5 {[%clk 01:06:00]}
{[%emt 00:01:27]} 30. Ne4 {[%clk 00:58:43]} {[%emt 00:00:43]} Be7 {[%clk
01:05:56]} {[%emt 00:00:34]} 31. Ng5 {[%clk 00:56:34]} {[%emt 00:02:39]} Rbd2
{[%clk 01:05:43]} {[%emt 00:00:44]} 32. Qb7 {[%clk 00:55:36]} {[%emt 00:01:28]}
R2d7 {[%clk 01:05:44]} {[%emt 00:00:27]} 33. Qf3 {[%clk 00:55:54]} {[%emt
00:00:13]} Bc5 {[%clk 01:05:33]} {[%emt 00:00:41]} 34. a5 {[%clk 00:55:25]}
{[%emt 00:00:58]} Ba7 {[%clk 01:05:16]} {[%emt 00:00:48]} 35. Ne4 {[%clk
00:55:41]} {[%emt 00:00:14]} Rd4 {[%clk 01:05:14]} {[%emt 00:00:32]} 36. Ng5
{[%clk 00:55:37]} {[%emt 00:00:34]} R4d7 {[%clk 01:05:31]} {[%emt 00:00:14]}
37. a6 {[%clk 00:55:33]} {[%emt 00:00:34]} Rd6 {[%clk 01:05:33]} {[%emt
00:00:28]} 38. Qxf7+ {[%clk 00:55:55]} {[%emt 00:00:07]} Kh8 {[%clk 01:05:37]}
{[%emt 00:00:27]} 39. Qh7# {[%emt 00:00:04]} 1-0

[Event "DEM U12 2021"]
[Site "Willingen GER"]
[Date "2021.08.26"]
[Round "6"]
[White "Bangert, Jonas"]
[Black "Xue, Luka"]
[Result "1/2-1/2"]
[Termination "normal"]
[Board "18"]
[WhiteElo "1541"]
[BlackElo "1496"]
[WhiteClock "00:01:13"]
[BlackClock "00:02:01"]
[PlyCount "66"]
[WhiteFideId "16289650"]
[BlackFideId "16277252"]
[EventCountry "GER"]
[EventRounds "9"]
[EventType "swiss"]
[EventDate "2021.08.22"]

1. d4 {[%clk 01:30:57]} {[%emt 00:00:03]} d5 {[%clk 01:30:46]} {[%emt
00:00:15]} 2. c4 {[%clk 01:31:22]} {[%emt 00:00:05]} c6 {[%clk 01:31:08]}
{[%emt 00:00:08]} 3. Nc3 {[%clk 01:31:26]} {[%emt 00:00:26]} Nf6 {[%clk
01:31:27]} {[%emt 00:00:11]} 4. Bf4 {[%clk 01:31:36]} {[%emt 00:00:19]} dxc4
{[%clk 01:31:22]} {[%emt 00:00:36]} 5. e3 {[%clk 01:29:24]} {[%emt 00:02:43]}
b5 {[%clk 01:30:43]} {[%emt 00:01:08]} 6. a4 {[%clk 01:28:16]} {[%emt
00:01:38]} b4 {[%clk 01:28:22]} {[%emt 00:02:51]} 7. Nb1 {[%clk 01:26:11]}
{[%emt 00:02:34]} Bf5 {[%clk 01:26:40]} {[%emt 00:02:13]} 8. Bxc4 {[%clk
01:23:52]} {[%emt 00:02:50]} e6 {[%clk 01:25:49]} {[%emt 00:01:20]} 9. Nd2
{[%clk 01:19:59]} {[%emt 00:04:22]} Nbd7 {[%clk 01:25:00]} {[%emt 00:01:20]}
10. h3 {[%clk 01:19:06]} {[%emt 00:01:23]} Be7 {[%clk 01:23:59]} {[%emt
00:01:31]} 11. Ngf3 {[%clk 01:18:32]} {[%emt 00:01:04]} O-O {[%clk 01:22:39]}
{[%emt 00:01:50]} 12. O-O {[%clk 01:17:59]} {[%emt 00:01:03]} h6 {[%clk
01:20:34]} {[%emt 00:02:35]} 13. a5 {[%clk 01:11:33]} {[%emt 00:06:57]} c5
{[%clk 01:16:13]} {[%emt 00:04:51]} 14. Nb3 {[%clk 01:03:46]} {[%emt 00:08:16]}
Nd5 {[%clk 00:57:50]} {[%emt 00:18:53]} 15. Bh2 {[%clk 01:00:48]} {[%emt
00:03:27]} Be4 {[%clk 00:41:49]} {[%emt 00:16:32]} 16. Nfd2 {[%clk 00:54:22]}
{[%emt 00:06:56]} Bh7 {[%clk 00:35:31]} {[%emt 00:06:48]} 17. Ba6 {[%clk
00:43:42]} {[%emt 00:11:10]} Nc7 {[%clk 00:31:16]} {[%emt 00:04:45]} 18. Bb7
{[%clk 00:43:03]} {[%emt 00:01:08]} Rb8 {[%clk 00:29:31]} {[%emt 00:02:16]} 19.
Bc6 {[%clk 00:42:24]} {[%emt 00:01:09]} cxd4 {[%clk 00:28:14]} {[%emt
00:01:47]} 20. exd4 {[%clk 00:35:19]} {[%emt 00:07:35]} Nf6 {[%clk 00:25:10]}
{[%emt 00:03:34]} 21. Nc4 {[%clk 00:33:43]} {[%emt 00:02:07]} Be4 {[%clk
00:23:09]} {[%emt 00:02:30]} 22. Ne5 {[%clk 00:27:09]} {[%emt 00:07:03]} Bd6
{[%clk 00:19:08]} {[%emt 00:04:32]} 23. Rc1 {[%clk 00:24:15]} {[%emt 00:03:24]}
Bxc6 {[%clk 00:13:10]} {[%emt 00:06:28]} 24. Nxc6 {[%clk 00:12:10]} {[%emt
00:12:35]} Bxh2+ {[%clk 00:11:43]} {[%emt 00:01:57]} 25. Kxh2 {[%clk 00:09:34]}
{[%emt 00:03:05]} Qd6+ {[%clk 00:11:52]} {[%emt 00:00:21]} 26. Ne5 {[%clk
00:08:25]} {[%emt 00:01:40]} Nfd5 {[%clk 00:06:48]} {[%emt 00:05:33]} 27. Rc6
{[%clk 00:05:28]} {[%emt 00:03:28]} Qe7 {[%clk 00:06:03]} {[%emt 00:01:15]} 28.
Nc5 {[%clk 00:03:14]} {[%emt 00:02:44]} Rfd8 {[%clk 00:05:31]} {[%emt
00:01:02]} 29. Qd3 {[%clk 00:02:17]} {[%emt 00:01:28]} Qg5 {[%clk 00:03:29]}
{[%emt 00:02:31]} 30. Rxc7 {[%clk 00:01:31]} {[%emt 00:01:15]} Nxc7 {[%clk
00:02:54]} {[%emt 00:01:05]} 31. f4 {[%clk 00:01:19]} {[%emt 00:00:43]} Qh5
{[%clk 00:01:38]} {[%emt 00:01:45]} 32. g4 {[%clk 00:01:09]} {[%emt 00:00:41]}
Qh4 {[%clk 00:02:01]} {[%emt 00:00:06]} 33. Nc6 {[%clk 00:01:13]} {[%emt
00:00:27]} Nd5 {[%clk 00:02:01]} {[%emt 00:00:30]} 1/2-1/2

[Event "DEM U12 2021"]
[Site "Willingen GER"]
[Date "2021.08.26"]
[Round "6"]
[White "Wolff, Calvin"]
[Black "Zobel, Christian"]
[Result "1/2-1/2"]
[Termination "normal"]
[Board "19"]
[WhiteElo "1368"]
[BlackElo "1641"]
[WhiteClock "00:19:20"]
[BlackClock "00:16:54"]
[PlyCount "44"]
[WhiteFideId "16269969"]
[BlackFideId "16259068"]
[EventCountry "GER"]
[EventRounds "9"]
[EventType "swiss"]
[EventDate "2021.08.22"]

1. e4 {[%clk 01:30:31]} {[%emt 00:00:29]} e5 {[%clk 01:30:54]} {[%emt
00:00:07]} 2. Nf3 {[%clk 01:30:51]} {[%emt 00:00:10]} Nf6 {[%clk 01:31:16]}
{[%emt 00:00:08]} 3. d4 {[%clk 01:30:51]} {[%emt 00:00:30]} Nxe4 {[%clk
01:31:29]} {[%emt 00:00:17]} 4. Bd3 {[%clk 01:30:59]} {[%emt 00:00:22]} d5
{[%clk 01:30:54]} {[%emt 00:01:04]} 5. dxe5 {[%clk 01:31:07]} {[%emt 00:00:22]}
Be7 {[%clk 01:22:31]} {[%emt 00:08:54]} 6. O-O {[%clk 01:29:43]} {[%emt
00:01:54]} O-O {[%emt 00:03:13]} 7. Bxe4 {[%clk 01:21:24]} {[%emt 00:07:07]}
dxe4 {[%clk 01:21:24]} {[%emt 00:00:36]} 8. Qxd8 {[%clk 01:21:02]} {[%emt
00:00:51]} Rxd8 {[%clk 01:20:25]} {[%emt 00:01:29]} 9. Ng5 {[%clk 01:20:45]}
{[%emt 00:00:47]} Bf5 {[%clk 01:10:36]} {[%emt 00:10:19]} 10. Nc3 {[%clk
01:18:38]} {[%emt 00:02:38]} Nc6 {[%clk 01:07:03]} {[%emt 00:04:03]} 11. Ngxe4
{[%clk 01:08:42]} {[%emt 00:10:25]} Bxe4 {[%clk 01:05:17]} {[%emt 00:02:17]}
12. Nxe4 {[%clk 01:08:05]} {[%emt 00:01:07]} Nxe5 {[%clk 01:04:49]} {[%emt
00:00:57]} 13. b3 {[%clk 01:06:09]} {[%emt 00:02:27]} f5 {[%clk 00:56:33]}
{[%emt 00:08:46]} 14. Bb2 {[%clk 00:56:36]} {[%emt 00:10:02]} fxe4 {[%clk
00:46:40]} {[%emt 00:10:23]} 15. Bxe5 {[%clk 00:56:59]} {[%emt 00:00:07]} Rd2
{[%clk 00:45:52]} {[%emt 00:01:19]} 16. c4 {[%clk 00:51:15]} {[%emt 00:06:15]}
Bf6 {[%clk 00:37:24]} {[%emt 00:08:57]} 17. Bf4 {[%clk 00:38:50]} {[%emt
00:12:54]} Rd4 {[%clk 00:28:07]} {[%emt 00:09:48]} 18. Rac1 {[%clk 00:28:22]}
{[%emt 00:10:57]} Rc8 {[%clk 00:22:01]} {[%emt 00:06:36]} 19. Rfe1 {[%clk
00:22:26]} {[%emt 00:06:27]} Kf7 {[%clk 00:17:30]} {[%emt 00:05:00]} 20. g3
{[%clk 00:19:20]} {[%emt 00:03:36]} Kg6 {[%clk 00:16:54]} {[%emt 00:01:05]} 21.
Re2 {[%emt 00:00:23]} Kf5 22. Rce1 Kg6 {[%emt 00:00:13]} 1/2-1/2